[Event "I Open Ciutat de Sueca 2015"]
[Site "Sueca ESP"]
[Date "2015.08.02"]
[Round "8.10"]
[White "Rubio Tent, Pedro"]
[Black "Gomez Sanjuan, Hector Fernando"]
[Result "1/2-1/2"]
[WhiteElo "1665"]
[BlackElo "2032"]
[PlyCount "213"]
[EventDate "2015.07.27"]
[EventType "swiss"]
[EventRounds "8"]
[EventCountry "ESP"]
[SourceTitle "Ajedrez en Madrid"]
[Source "lmi"]
[SourceDate "2015.05.27"]

1. e4 c5 2. Nf3 Nc6 3. d4 cxd4 4. Nxd4 g6 5. Nc3 Bg7 6. Nb3 d6 7. Be2 Nf6 8.
O-O O-O 9. Re1 b6 10. Bf3 Ne5 11. Be2 Bb7 12. Bf1 Rc8 13. Bg5 Nc4 14. Bxc4 Rxc4
15. Qd3 Rc8 16. e5 dxe5 17. Qxd8 Rfxd8 18. Rxe5 Rd7 19. Ree1 e6 20. Rad1 Rxd1
21. Rxd1 Nd5 22. Nxd5 Bxd5 23. c3 h6 24. Be3 Kf8 25. Bd4 Bxd4 26. Rxd4 Ke7 27.
Nc1 Rd8 28. a3 e5 29. Rd2 b5 30. Ne2 Bc4 31. Rxd8 Kxd8 32. Ng3 f5 33. Nf1 Kd7
34. Nd2 Kd6 35. b4 Kd5 36. f3 Bd3 37. Kf2 e4 38. fxe4+ Bxe4 39. g3 g5 40. Ke3
a6 41. h3 Bg2 42. h4 Be4 43. hxg5 hxg5 44. Nxe4 fxe4 45. Kd2 Kc4 46. Ke3 Kxc3
47. Kxe4 Kb3 48. Kf5 Kxa3 49. Kxg5 Kxb4 50. g4 a5 51. Kf5 a4 52. g5 a3 53. g6
a2 54. g7 a1=Q 55. g8=Q Qf1+ 56. Ke5 Qe2+ 57. Kf6 Qf3+ 58. Ke7 Qe4+ 59. Kd6
Qd4+ 60. Ke7 Qc5+ 61. Kf6 Qd6+ 62. Kf5 Qd3+ 63. Kf6 Qf3+ 64. Ke7 Ka3 65. Qh8
Qe4+ 66. Kf7 Qd5+ 67. Kg6 b4 68. Qa1+ Qa2 69. Qc1+ Qb2 70. Qe3+ Qc3 71. Qa7+
Kb2 72. Kf5 b3 73. Ke4 Kb1 74. Qg1+ Qc1 75. Qg3 b2 76. Kd4 Qd2+ 77. Kc4 Qc2+
78. Kb4 Ka1 79. Qe5 Qd2+ 80. Ka3 Qd3+ 81. Kb4 Kb1 82. Qc5 Qe4+ 83. Kb3 Qd3+ 84.
Kb4 Qe4+ 85. Kb3 Qb7+ 86. Ka3 Qa6+ 87. Kb3 Qd3+ 88. Kb4 Qd2+ 89. Kb3 Qd1+ 90.
Kb4 Qg4+ 91. Kb3 Qe6+ 92. Kb4 Qa6 93. Kb3 Ka1 94. Qc3 Qb5+ 95. Ka3 Qa6+ 96. Kb3
Qe6+ 97. Kc2 Qe2+ 98. Kb3 Qd1+ 99. Ka3 Qc1 100. Qe5 Kb1 101. Qe4+ Qc2 102. Qe1+
Qc1 103. Qe4+ Qc2 104. Qe1+ Qc1 105. Qe4+ Qc2 106. Qe1+ Qc1 107. Qe4+ 1/2-1/2

[Event "I Open Ciutat de Sueca 2015"]
[Site "Sueca ESP"]
[Date "2015.08.02"]
[Round "8.11"]
[White "Bono Monreal, Alberto"]
[Black "Carbonell Sancho, Marc"]
[Result "1/2-1/2"]
[WhiteElo "1891"]
[BlackElo "1656"]
[PlyCount "56"]
[EventDate "2015.07.27"]
[EventType "swiss"]
[EventRounds "8"]
[EventCountry "ESP"]
[SourceTitle "Ajedrez en Madrid"]
[Source "lmi"]
[SourceDate "2015.05.27"]

1. e4 d5 2. exd5 Qxd5 3. Nf3 c6 4. d4 Bg4 5. Be2 e6 6. O-O Nf6 7. c4 Qd8 8. h3
Bf5 9. Nc3 Be7 10. Bd3 Bxd3 11. Qxd3 O-O 12. Be3 Na6 13. Rfd1 c5 14. Qe2 Qc8
15. a3 Rd8 16. Rab1 b6 17. dxc5 Rxd1+ 18. Rxd1 bxc5 19. Nb5 Qb7 20. Ne5 Qe4 21.
Nd7 Qb7 22. Ne5 Qe4 23. f4 Nh5 24. Nc3 Nxf4 25. Bxf4 Qxf4 26. Rf1 Qd4+ 27. Kh1
Bf6 28. Qf3 Rf8 1/2-1/2

[Event "I Open Ciutat de Sueca 2015"]
[Site "Sueca ESP"]
[Date "2015.08.02"]
[Round "8.12"]
[White "Hurtado Oldridge, Felipe"]
[Black "Fos Santacreu, Juan Andres"]
[Result "0-1"]
[WhiteElo "2019"]
[BlackElo "2286"]
[PlyCount "104"]
[EventDate "2015.07.27"]
[EventType "swiss"]
[EventRounds "8"]
[EventCountry "ESP"]
[SourceTitle "Ajedrez en Madrid"]
[Source "lmi"]
[SourceDate "2015.05.27"]

1. e4 c6 2. d4 d5 3. Nc3 g6 4. Nf3 Bg7 5. Bd3 Bg4 6. O-O Bxd4 7. exd5 Bxc3 8.
dxc6 Nxc6 9. bxc3 Nf6 10. Re1 O-O 11. h3 Be6 12. Ng5 Bc8 13. Qe2 Qa5 14. Bd2
Bf5 15. Bc4 Bxc2 16. g4 Ba4 17. Bb3 Bxb3 18. axb3 Qc7 19. Nf3 h5 20. Ra4 Rad8
21. Bh6 Rfe8 22. gxh5 Nxh5 23. Kh1 Qd7 24. Ng5 Qd5+ 25. Kh2 Qd3 26. Ne4 Qxe2
27. Rxe2 Rd3 28. Rc4 Rdd8 29. Nc5 b6 30. Nb7 Rd7 31. Rxc6 Rxb7 32. Re5 Rd8 33.
Re4 f6 34. Be3 e5 35. Rec4 Kf7 36. b4 Rbd7 37. Rc7 Ke6 38. R4c6+ Kf5 39. c4 Ke4
40. h4 Kf3 41. c5 Rxc7 42. Rxc7 bxc5 43. Rxa7 Rb8 44. Ra4 c4 45. Ba7 Rb7 46. b5
f5 47. Rxc4 Rxa7 48. b6 Rb7 49. Rb4 Nf4 50. Rb5 Rh7 51. b7 Rxh4+ 52. Kg1 Ne2+
0-1

[Event "I Open Ciutat de Sueca 2015"]
[Site "Sueca ESP"]
[Date "2015.08.02"]
[Round "8.13"]
[White "Gordillo Garcia, Ignacio"]
[Black "Ortega Gadea, Santiago"]
[Result "0-1"]
[WhiteElo "1613"]
[BlackElo "2044"]
[PlyCount "38"]
[EventDate "2015.07.27"]
[EventType "swiss"]
[EventRounds "8"]
[EventCountry "ESP"]
[SourceTitle "Ajedrez en Madrid"]
[Source "lmi"]
[SourceDate "2015.05.27"]

1. d4 g6 2. c4 Bg7 3. Nc3 Nf6 4. e4 d6 5. Bg5 O-O 6. Bd3 e5 7. d5 a5 8. Nge2
Qe8 9. O-O Nh5 10. Ng3 Nf4 11. Qd2 Nxd3 12. Qxd3 f5 13. exf5 gxf5 14. Qd2 Qg6
15. Qc1 Na6 16. Bd2 Nc5 17. Nge2 f4 18. Kh1 Nd3 19. Qc2 Nxf2+ 0-1

[Event "I Open Ciutat de Sueca 2015"]
[Site "Sueca ESP"]
[Date "2015.08.02"]
[Round "8.14"]
[White "Rasskin Friederichs, Ivan"]
[Black "Cebrian Flores, Juan Antonio"]
[Result "1-0"]
[WhiteElo "2036"]
[BlackElo "1991"]
[PlyCount "64"]
[EventDate "2015.07.27"]
[EventType "swiss"]
[EventRounds "8"]
[EventCountry "ESP"]
[SourceTitle "Ajedrez en Madrid"]
[Source "lmi"]
[SourceDate "2015.05.27"]

1. e4 c5 2. Nc3 a6 3. a4 Nc6 4. g3 g6 5. Bg2 Bg7 6. d3 d6 7. Be3 Nd4 8. f4 e6
9. Nf3 Ne7 10. O-O O-O 11. e5 dxe5 12. Nxe5 Rb8 13. Ne4 b6 14. c3 Ndf5 15. Bf2
h5 16. a5 bxa5 17. Nc4 Bb7 18. Bxc5 Bd5 19. Qe2 Rb5 20. Ba3 Qc7 21. Rfd1 Rc8
22. Rd2 Rbb8 23. Rad1 Bc6 24. Nc5 Nd5 25. Nxa6 Qa7+ 26. Nc5 h4 27. Qf2 Bf8 28.
g4 Nxf4 29. gxf5 Nxg2 30. fxg6 f5 31. Nxe6 Qxf2+ 32. Rxf2 Bh6 1-0

[Event "I Open Ciutat de Sueca 2015"]
[Site "Sueca ESP"]
[Date "2015.08.02"]
[Round "8.15"]
[White "Martin Ayala, David"]
[Black "Bordes Ibanez, Juan"]
[Result "1-0"]
[WhiteElo "1956"]
[BlackElo "1997"]
[PlyCount "89"]
[EventDate "2015.07.27"]
[EventType "swiss"]
[EventRounds "8"]
[EventCountry "ESP"]
[SourceTitle "Ajedrez en Madrid"]
[Source "lmi"]
[SourceDate "2015.05.27"]

1. Nf3 Nf6 2. d4 e6 3. Bg5 d5 4. Nbd2 Be7 5. e3 Nbd7 6. Bd3 c5 7. c3 b6 8. O-O
Bb7 9. Re1 h6 10. Bxf6 Bxf6 11. e4 O-O 12. e5 Be7 13. Nf1 Re8 14. Rc1 f5 15.
exf6 Bxf6 16. Ne5 Bxe5 17. dxe5 Qg5 18. Qe2 Rf8 19. Bb1 Rf4 20. Qc2 Nxe5 21.
Re3 Raf8 22. Rg3 Qf6 23. f3 Ba6 24. Qh7+ Kf7 25. Ne3 d4 26. cxd4 Rxd4 27. Re1
Bd3 28. Bxd3 Nxd3 29. Rf1 Ne5 30. Ng4 Nxg4 31. fxg4 Rf4 32. Rxf4 Qxf4 33. Rf3
Qxf3 34. gxf3 Re8 35. Qe4 Kf6 36. f4 g6 37. h4 Re7 38. g5+ hxg5 39. fxg5+ Kg7
40. Qe5+ Kh7 41. Qf6 Rb7 42. Qxe6 Rc7 43. h5 gxh5 44. g6+ Kh6 45. g7+ 1-0

[Event "I Open Ciutat de Sueca 2015"]
[Site "Sueca ESP"]
[Date "2015.08.02"]
[Round "8.16"]
[White "Ferrer Berenguer, Ligorio"]
[Black "Espasa Marti, Francisco Jose"]
[Result "1-0"]
[WhiteElo "2056"]
[BlackElo "1835"]
[PlyCount "85"]
[EventDate "2015.07.27"]
[EventType "swiss"]
[EventRounds "8"]
[EventCountry "ESP"]
[SourceTitle "Ajedrez en Madrid"]
[Source "lmi"]
[SourceDate "2015.05.27"]

1. e4 c5 2. Nc3 d6 3. g3 Nf6 4. Bg2 a6 5. d3 e6 6. f4 Nc6 7. Nf3 Qc7 8. O-O Be7
9. h3 O-O 10. Be3 Rb8 11. g4 b5 12. a3 Re8 13. Ne2 Bb7 14. Ng3 Bf8 15. Bf2 Qb6
16. c3 a5 17. g5 Nd7 18. Ne2 f5 19. gxf6 Nxf6 20. Qd2 Qc7 21. Ng3 a4 22. Rad1
Na5 23. Nh2 Nb3 24. Qc2 e5 25. fxe5 dxe5 26. Ng4 Be7 27. Nf5 Bd8 28. Bg3 Nxg4
29. hxg4 Qb6 30. Qf2 Qg6 31. Nd6 Bf6 32. Nxe8 Rxe8 33. Qf5 Qxf5 34. exf5 Bxg2
35. Kxg2 e4 36. dxe4 Rxe4 37. Kf3 Re8 38. Rfe1 Rf8 39. Be5 Bg5 40. Rd7 Bf6 41.
Bxf6 Rxf6 42. Re8+ Rf8 43. Ree7 1-0

[Event "I Open Ciutat de Sueca 2015"]
[Site "Sueca ESP"]
[Date "2015.08.02"]
[Round "8.17"]
[White "Ramon Gualberto, Arturo"]
[Black "Moll Domenech, Andreu"]
[Result "1-0"]
[WhiteElo "1968"]
[BlackElo "1886"]
[PlyCount "39"]
[EventDate "2015.07.27"]
[EventType "swiss"]
[EventRounds "8"]
[EventCountry "ESP"]
[SourceTitle "Ajedrez en Madrid"]
[Source "lmi"]
[SourceDate "2015.05.27"]

1. e4 e5 2. Nf3 Nf6 3. Nxe5 d6 4. Nf3 Nxe4 5. Nc3 Nxc3 6. dxc3 Be7 7. Be3 Nc6
8. Qd2 Be6 9. O-O-O O-O 10. Kb1 Qd7 11. h3 a6 12. g4 b5 13. Ng5 Bxg5 14. Bxg5
Rab8 15. f4 f6 16. Bh4 a5 17. f5 Bf7 18. g5 Qxf5 19. gxf6 g6 20. Qh6 1-0

[Event "I Open Ciutat de Sueca 2015"]
[Site "Sueca ESP"]
[Date "2015.08.02"]
[Round "8.18"]
[White "Folch Zaragoza, Jose"]
[Black "La Orden Gil, Javier"]
[Result "0-1"]
[WhiteElo "1856"]
[BlackElo "1967"]
[PlyCount "70"]
[EventDate "2015.07.27"]
[EventType "swiss"]
[EventRounds "8"]
[EventCountry "ESP"]
[SourceTitle "Ajedrez en Madrid"]
[Source "lmi"]
[SourceDate "2015.05.27"]

1. e4 c5 2. Nc3 Nc6 3. f4 d6 4. Nf3 Nf6 5. Bb5 a6 6. Bxc6+ bxc6 7. d3 Nd7 8.
O-O e6 9. Qe1 Be7 10. Qg3 O-O 11. e5 d5 12. f5 Kh8 13. Ng5 Nxe5 14. fxe6 f6 15.
Bd2 Bd6 16. Bf4 h6 17. Nf3 Nxf3+ 18. Rxf3 Bxf4 19. Qxf4 Bxe6 20. Raf1 Rb8 21.
b3 Rb4 22. Qd2 Qd6 23. Rf4 Bg4 24. a3 Rd4 25. Qe3 Bh5 26. Na4 Re8 27. Qf2 Re2
28. Qh4 Qe5 29. Rxd4 cxd4 30. g4 Bxg4 31. Qg3 Qxg3+ 32. hxg3 Rxc2 33. Rf2 Be2
34. b4 Bxd3 35. Rxc2 Bxc2 0-1

[Event "I Open Ciutat de Sueca 2015"]
[Site "Sueca ESP"]
[Date "2015.08.02"]
[Round "8.19"]
[White "Valdenebro Orihuel, Miguel"]
[Black "Soler Nadal, Jose Antonio"]
[Result "1-0"]
[WhiteElo "1951"]
[BlackElo "1806"]
[PlyCount "89"]
[EventDate "2015.07.27"]
[EventType "swiss"]
[EventRounds "8"]
[EventCountry "ESP"]
[SourceTitle "Ajedrez en Madrid"]
[Source "lmi"]
[SourceDate "2015.05.27"]

1. d4 d5 2. Nf3 Nf6 3. Bg5 e6 4. e3 Be7 5. Bd3 Nbd7 6. Nbd2 c5 7. c3 O-O 8. Ne5
Nxe5 9. dxe5 Nd7 10. Bxe7 Qxe7 11. f4 f6 12. exf6 Nxf6 13. Nf3 Bd7 14. Ne5 Bc6
15. O-O Nd7 16. Qh5 Nf6 17. Qh4 Qe8 18. Rf3 Qh5 19. Qe1 Ne4 20. Rh3 Qe8 21.
Bxe4 dxe4 22. Qh4 h6 23. g4 Qd8 24. g5 Be8 25. gxh6 Qxh4 26. Rxh4 gxh6 27. Rxh6
Bf7 28. Kf2 Kg7 29. Rh3 Rh8 30. Rg3+ Kf6 31. h3 Rad8 32. Nxf7 Kxf7 33. Ke2 Rh7
34. Rd1 Rxd1 35. Kxd1 Kf6 36. a4 c4 37. Kc2 Rh5 38. b3 cxb3+ 39. Kxb3 Rd5 40.
h4 e5 41. Rg5 Rd3 42. fxe5+ Ke6 43. Rg3 Kxe5 44. h5 Rd6 45. Rg5+ 1-0

[Event "I Open Ciutat de Sueca 2015"]
[Site "Sueca ESP"]
[Date "2015.08.02"]
[Round "8.20"]
[White "Sampedro Barrios, Pablo"]
[Black "Raro Gualda, Javier"]
[Result "1/2-1/2"]
[WhiteElo "1936"]
[BlackElo "1658"]
[PlyCount "111"]
[EventDate "2015.07.27"]
[EventType "swiss"]
[EventRounds "8"]
[EventCountry "ESP"]
[SourceTitle "Ajedrez en Madrid"]
[Source "lmi"]
[SourceDate "2015.05.27"]

1. e4 e5 2. c4 Bc5 3. Nc3 Nf6 4. g3 d6 5. h3 a6 6. Bg2 Nc6 7. Nge2 O-O 8. O-O
Be6 9. d3 Qd7 10. Kh2 Nd4 11. f4 Nxe2 12. Qxe2 exf4 13. gxf4 Qc8 14. f5 Bd7 15.
Bg5 Bd4 16. Bf3 Kh8 17. Qg2 Rg8 18. Kh1 c6 19. Qg3 Be5 20. Qh4 d5 21. cxd5 cxd5
22. Rac1 Qb8 23. Rg1 dxe4 24. dxe4 Qa7 25. Rg2 Rac8 26. Rcg1 Qb6 27. Qe1 Bd4
28. Rf1 Be5 29. Bxf6 gxf6 30. Nd5 Qd6 31. Rfg1 Bc6 32. Ne3 Rxg2 33. Rxg2 Rg8
34. Ng4 Qd3 35. Qe2 Qxe2 36. Rxe2 Rd8 37. Kg2 Kg7 38. Kf2 Bf4 39. b3 Rd4 40.
Kg2 Rd2 41. Nf2 Rd4 42. h4 Rd2 43. Rxd2 Bxd2 44. Nd3 b6 45. Kf2 Bc3 46. Ke3 Bb5
47. Nf4 Bc6 48. Be2 b5 49. Nd3 a5 50. Nf4 a4 51. Nd5 axb3 52. axb3 Be5 53. Kd3
Bg3 54. h5 Be5 55. Nb4 Bd7 56. Nd5 1/2-1/2

[Event "I Open Ciutat de Sueca 2015"]
[Site "Sueca ESP"]
[Date "2015.08.02"]
[Round "8.21"]
[White "Garcia Sancho, Josep"]
[Black "Gerona Maura, Jesus"]
[Result "1-0"]
[WhiteElo "1855"]
[BlackElo "1931"]
[PlyCount "75"]
[EventDate "2015.07.27"]
[EventType "swiss"]
[EventRounds "8"]
[EventCountry "ESP"]
[SourceTitle "Ajedrez en Madrid"]
[Source "lmi"]
[SourceDate "2015.05.27"]

1. c4 g6 2. Nc3 Bg7 3. g3 e5 4. Bg2 Nc6 5. e3 f5 6. d3 Nf6 7. Nge2 O-O 8. Rb1
a5 9. a3 Ne7 10. O-O d5 11. cxd5 Nexd5 12. Nxd5 Nxd5 13. Qb3 Be6 14. Qxb7 Rb8
15. Qc6 Rb6 16. Qc2 Qd7 17. Bd2 a4 18. Nc3 Nxc3 19. Bxc3 Rd8 20. d4 Bb3 21. Qc1
e4 22. Qd2 Re6 23. Qe2 Qc6 24. Rfc1 Bc4 25. Qe1 Qb5 26. Bf1 Bxf1 27. Qxf1 Qd5
28. Bb4 c6 29. Qc4 Bf8 30. Bxf8 Kxf8 31. Qxa4 f4 32. Qc4 Qd7 33. exf4 e3 34.
Re1 e2 35. Rxe2 Rxe2 36. Qxe2 Qxd4 37. Qe3 Qd5 38. Re1 1-0

[Event "I Open Ciutat de Sueca 2015"]
[Site "Sueca ESP"]
[Date "2015.08.02"]
[Round "8.23"]
[White "Del Arco Gimeno, Juan"]
[Black "Dominguez Gandia, Jose Miguel"]
[Result "0-1"]
[WhiteElo "1894"]
[BlackElo "1521"]
[PlyCount "130"]
[EventDate "2015.07.27"]
[EventType "swiss"]
[EventRounds "8"]
[EventCountry "ESP"]
[SourceTitle "Ajedrez en Madrid"]
[Source "lmi"]
[SourceDate "2015.05.27"]

1. e4 e5 2. Nf3 Nc6 3. Bc4 d6 4. h3 g6 5. d3 Bg7 6. Ng5 Nh6 7. Be3 O-O 8. O-O
Na5 9. Bb3 Nxb3 10. axb3 a6 11. Nc3 Bd7 12. Nf3 f5 13. Bg5 Qc8 14. Nd5 Kh8 15.
Nh2 Nf7 16. Be7 Re8 17. Bf6 Be6 18. Bxg7+ Kxg7 19. Nc3 c6 20. exf5 Bxf5 21. Qd2
d5 22. f4 e4 23. dxe4 dxe4 24. Qd4+ Kg8 25. g4 Rd8 26. Qe3 Be6 27. Nxe4 Bd5 28.
Nf6+ Kf8 29. Nxh7+ Kg8 30. Nf6+ Kf8 31. c4 Rd6 32. Nh7+ Kg8 33. cxd5 Kxh7 34.
Qe7 Rd7 35. Qh4+ Kg7 36. dxc6 Qxc6 37. Qf2 Rc8 38. Nf3 Qb5 39. Nd4 Qd3 40. Ne6+
Kg8 41. Qf3 Qxf3 42. Rxf3 Rc2 43. Rc3 Rdd2 44. Rxc2 Rxc2 45. Rb1 b6 46. Nd4 Rd2
47. Nf3 Rd3 48. Kg2 Rxb3 49. Nd2 Rb4 50. Kg3 a5 51. b3 Nd6 52. Re1 Kf7 53. h4
b5 54. Re5 Rd4 55. Re2 a4 56. Kf3 a3 57. Ke3 Rd5 58. Re1 b4 59. Rc1 Nb5 60. Ne4
Rd7 61. h5 Re7 62. Kf3 Nd4+ 63. Ke3 Rc7 64. Ng5+ Kf6 65. Ne4+ Kg7 0-1

[Event "I Open Ciutat de Sueca 2015"]
[Site "Sueca ESP"]
[Date "2015.08.02"]
[Round "8.24"]
[White "Sancho Pascual, Emilio"]
[Black "Castillo Pla, Emilio"]
[Result "0-1"]
[WhiteElo "1550"]
[BlackElo "1934"]
[PlyCount "56"]
[EventDate "2015.07.27"]
[EventType "swiss"]
[EventRounds "8"]
[EventCountry "ESP"]
[SourceTitle "Ajedrez en Madrid"]
[Source "lmi"]
[SourceDate "2015.05.27"]

1. c4 Nf6 2. Nc3 g6 3. Nf3 Bg7 4. e4 d6 5. Be2 O-O 6. d4 Nbd7 7. O-O e5 8. h3
exd4 9. Nxd4 c6 10. Be3 Re8 11. Qc2 Nc5 12. Bf3 a5 13. Rfd1 Qc7 14. Rab1 b6 15.
Bf4 Bb7 16. b4 axb4 17. Rxb4 Nfd7 18. Ndb5 cxb5 19. Nxb5 Qd8 20. Nxd6 Qf6 21.
Bg3 Ne5 22. Nxb7 Nxf3+ 23. gxf3 Nxb7 24. Rdb1 Qxf3 25. Rxb6 Nc5 26. Rb8 Raxb8
27. Rxb8 Rxb8 28. Bxb8 Bd4 0-1

[Event "I Open Ciutat de Sueca 2015"]
[Site "Sueca ESP"]
[Date "2015.08.02"]
[Round "8.25"]
[White "La Orden Garcia, Raquel"]
[Black "Vicente Sanz, Andres"]
[Result "0-1"]
[WhiteElo "1540"]
[BlackElo "1929"]
[PlyCount "80"]
[EventDate "2015.07.27"]
[EventType "swiss"]
[EventRounds "8"]
[EventCountry "ESP"]
[SourceTitle "Ajedrez en Madrid"]
[Source "lmi"]
[SourceDate "2015.05.27"]

1. e4 e5 2. Nc3 Bc5 3. Nf3 d6 4. h3 Nf6 5. Bb5+ c6 6. Be2 b5 7. a3 Qb6 8. O-O
O-O 9. d3 a5 10. Bg5 Nbd7 11. Qd2 Bb7 12. Bxf6 Nxf6 13. Qg5 Qc7 14. Nh4 Bc8 15.
Kh1 Be6 16. f4 Be3 17. Rf3 Bxf4 18. Rxf4 exf4 19. Qxf4 b4 20. Nd1 c5 21. Ne3
Nd7 22. Nef5 Ne5 23. Rf1 Ng6 24. Qg3 Rad8 25. Qg5 f6 26. Qg3 Bxf5 27. Nxf5 Kh8
28. h4 Ne5 29. h5 h6 30. d4 cxd4 31. Nxd4 Qf7 32. axb4 axb4 33. b3 Rc8 34. Qe1
Rc3 35. Nb5 Rxc2 36. Bd1 Rc1 37. Nxd6 Qd7 38. Nf5 Rd8 39. Ne3 Qd2 40. Qg3 Rc3
0-1

[Event "I Open Ciutat de Sueca 2015"]
[Site "Sueca ESP"]
[Date "2015.08.02"]
[Round "8.26"]
[White "Botella Brandt, Rafael"]
[Black "Catala Alos, Jorge"]
[Result "0-1"]
[WhiteElo "1838"]
[BlackElo "1888"]
[PlyCount "86"]
[EventDate "2015.07.27"]
[EventType "swiss"]
[EventRounds "8"]
[EventCountry "ESP"]
[SourceTitle "Ajedrez en Madrid"]
[Source "lmi"]
[SourceDate "2015.05.27"]

1. e4 d5 2. e5 Bf5 3. d4 e6 4. Nf3 c5 5. c3 cxd4 6. Nxd4 Bxb1 7. Bb5+ Nd7 8.
Rxb1 a6 9. Bxd7+ Qxd7 10. O-O Bc5 11. Be3 Ne7 12. Nf5 Nxf5 13. Bxc5 Qc6 14. Ba3
O-O-O 15. g4 Nh4 16. Be7 f6 17. Rc1 Ng6 18. exf6 Nxe7 19. fxe7 Rd7 20. Qd4 Rxe7
21. c4 Kb8 22. Rfe1 Rhe8 23. Qe5+ Ka7 24. cxd5 Qxd5 25. Qxd5 exd5 26. Rxe7 Rxe7
27. Kf1 Kb6 28. f3 Kb5 29. Kf2 g5 30. Rc2 Kb4 31. f4 gxf4 32. Kf3 Rf7 33. h4 d4
34. Rd2 Kc5 35. Ke4 Re7+ 36. Kxf4 Kc4 37. g5 d3 38. Kf3 Kd4 39. h5 Rf7+ 40. Kg4
Ke3 41. Rh2 d2 42. Rh3+ Ke2 43. Rh2+ Rf2 0-1

[Event "I Open Ciutat de Sueca 2015"]
[Site "Sueca ESP"]
[Date "2015.08.02"]
[Round "8.27"]
[White "Carmona Huertas, Juan Antonio"]
[Black "Porras Boronat, German"]
[Result "0-1"]
[WhiteElo "1801"]
[BlackElo "1402"]
[PlyCount "64"]
[EventDate "2015.07.27"]
[EventType "swiss"]
[EventRounds "8"]
[EventCountry "ESP"]
[SourceTitle "Ajedrez en Madrid"]
[Source "lmi"]
[SourceDate "2015.05.27"]

1. d4 d5 2. c4 c6 3. Nc3 Nf6 4. Nf3 dxc4 5. e4 b5 6. a4 b4 7. Na2 e5 8. Nxe5
Nxe4 9. Qe2 Qxd4 10. Nxc4 Be6 11. f3 Nd6 12. Nxd6+ Qxd6 13. Qd3 Be7 14. Qxd6
Bxd6 15. Bd2 a5 16. Nc1 O-O 17. Be3 Re8 18. Kf2 Nd7 19. Be2 Ne5 20. Rd1 Be7 21.
Bf4 Bf6 22. Bxe5 Bxe5 23. Nd3 Bd4+ 24. Kf1 c5 25. Rd2 Rad8 26. Ke1 c4 27. Nf4
c3 28. Rxd4 Rxd4 29. Nxe6 Rxe6 30. bxc3 bxc3 31. Rb1 g6 32. Rc1 Rd2 0-1

[Event "I Open Ciutat de Sueca 2015"]
[Site "Sueca ESP"]
[Date "2015.08.02"]
[Round "8.28"]
[White "Villanueva Claramonte, Ramon"]
[Black "Sanmateu Juan, Sergio"]
[Result "1-0"]
[WhiteElo "1793"]
[BlackElo "1629"]
[PlyCount "107"]
[EventDate "2015.07.27"]
[EventType "swiss"]
[EventRounds "8"]
[EventCountry "ESP"]
[SourceTitle "Ajedrez en Madrid"]
[Source "lmi"]
[SourceDate "2015.05.27"]

1. d4 d5 2. Nf3 Nf6 3. c4 e6 4. Bg5 Be7 5. Nc3 h6 6. Bh4 O-O 7. e3 b6 8. Be2
Bb7 9. Bxf6 Bxf6 10. cxd5 exd5 11. O-O Nd7 12. Qb3 c6 13. Rad1 Re8 14. Bd3 g6
15. Rfe1 Nf8 16. e4 dxe4 17. Nxe4 Bg7 18. Qa3 Ne6 19. Nd6 Re7 20. Nxb7 Rxb7 21.
Bxg6 Nxd4 22. Nxd4 Bxd4 23. Be4 Qf6 24. Qg3+ Kh8 25. Bxc6 Rg8 26. Qf3 Re7 27.
Qxf6+ Bxf6 28. Rxe7 Bxe7 29. Rd7 Bf6 30. Rxf7 Bxb2 31. Rxa7 Rc8 32. Ra8 Rxa8
33. Bxa8 Kg7 34. a4 Bd4 35. Kf1 Kf6 36. Ke2 Ke5 37. h3 Kf4 38. g3+ Kg5 39. f4+
Kf5 40. Kf3 Kf6 41. g4 Ke6 42. Kg3 Kd6 43. h4 Ke6 44. g5 hxg5 45. hxg5 Bc3 46.
Kg4 Kd6 47. Be4 Kc5 48. Kh5 b5 49. axb5 Kxb5 50. f5 Kc5 51. Kg6 Kd6 52. Kf7 Ke5
53. Bc2 Kf4 54. g6 1-0

[Event "I Open Ciutat de Sueca 2015"]
[Site "Sueca ESP"]
[Date "2015.08.02"]
[Round "8.29"]
[White "Sanchis, Fernand"]
[Black "Riddoch, Alan"]
[Result "0-1"]
[WhiteElo "1525"]
[BlackElo "1650"]
[PlyCount "124"]
[EventDate "2015.07.27"]
[EventType "swiss"]
[EventRounds "8"]
[EventCountry "ESP"]
[SourceTitle "Ajedrez en Madrid"]
[Source "lmi"]
[SourceDate "2015.05.27"]

1. e4 c5 2. Nf3 Nc6 3. d4 cxd4 4. Nxd4 e5 5. Nf3 Nf6 6. Nc3 Bb4 7. Bd3 d5 8.
exd5 Nxd5 9. Bd2 Nxc3 10. Bxc3 Bxc3+ 11. bxc3 O-O 12. O-O Re8 13. Re1 Bg4 14.
h3 Bh5 15. Rb1 Qc7 16. Re3 Rad8 17. Qe1 b6 18. Kh1 f6 19. Bc4+ Bf7 20. Bb3 Na5
21. Bxf7+ Qxf7 22. Ra1 Nc4 23. Rd3 Na3 24. Rxd8 Rxd8 25. Qe2 h6 26. Ne1 Rc8 27.
Qe4 Nb5 28. Qb4 Nxc3 29. Qb3 Ne2 30. Qxf7+ Kxf7 31. a4 Nd4 32. Ra2 a6 33. Kg1
g5 34. f3 h5 35. Kf2 Kg6 36. Ke3 Rc5 37. Kd3 f5 38. g3 Nc6 39. c3 g4 40. fxg4
e4+ 41. Kd2 hxg4 42. hxg4 fxg4 43. Ng2 Kf5 44. Ne3+ Kg5 45. Ng2 Ne7 46. Nf4 Re5
47. Ne2 Nf5 48. c4 Rc5 49. Rc2 Nd6 50. Kc1 Rxc4 51. Rxc4 Nxc4 52. Kc2 b5 53.
Kc3 Nd6 54. Kb4 bxa4 55. Kxa4 e3 56. Ka5 Kf5 57. Kxa6 Ke4 58. Kb6 Kf3 59. Nd4+
Kxg3 60. Kc6 Ne4 61. Kd5 Nc3+ 62. Kc4 e2 0-1

[Event "I Open Ciutat de Sueca 2015"]
[Site "Sueca ESP"]
[Date "2015.08.02"]
[Round "8.30"]
[White "Agullo Valcarcel, Carlos"]
[Black "Linares Carrasquer, Jordi"]
[Result "0-1"]
[WhiteElo "1719"]
[BlackElo "1352"]
[PlyCount "92"]
[EventDate "2015.07.27"]
[EventType "swiss"]
[EventRounds "8"]
[EventCountry "ESP"]
[SourceTitle "Ajedrez en Madrid"]
[Source "lmi"]
[SourceDate "2015.05.27"]

1. e4 e6 2. c4 c5 3. Nc3 Nc6 4. Nf3 Nge7 5. d4 cxd4 6. Nxd4 Nxd4 7. Qxd4 Nc6 8.
Qd1 Qc7 9. a3 a6 10. Be2 g6 11. Be3 d6 12. Rc1 Be7 13. O-O O-O 14. Nd5 exd5 15.
cxd5 Bd7 16. dxc6 Bxc6 17. f3 Bf6 18. b4 Bb2 19. Qb3 Bxc1 20. Rxc1 Qe7 21. Bd4
Rac8 22. Rd1 Bd7 23. Qb2 f6 24. Bd3 Bb5 25. Bc2 Bc4 26. h3 b5 27. Kh2 Qe6 28.
Rd2 Rcd8 29. Qc3 Kf7 30. Qe3 Kg7 31. Qf4 Qe7 32. h4 h6 33. Kh1 Rh8 34. Bc3 g5
35. Qg3 Qf7 36. f4 Qh5 37. fxg5 hxg5 38. Bxf6+ Kxf6 39. e5+ Ke6 40. Bf5+ Kf7
41. e6+ Ke7 42. Bh3 Qxh4 43. Qe3 Ra8 44. Qb6 Raf8 45. Qb7+ Kf6 46. Rxd6 Qe1+
0-1

[Event "I Open Ciutat de Sueca 2015"]
[Site "Sueca ESP"]
[Date "2015.08.02"]
[Round "8.31"]
[White "Bartroli Tejada, Marc"]
[Black "Vigliaroli, Matteo Luigi"]
[Result "0-1"]
[WhiteElo "1280"]
[BlackElo "1637"]
[PlyCount "57"]
[EventDate "2015.07.27"]
[EventType "swiss"]
[EventRounds "8"]
[EventCountry "ESP"]
[SourceTitle "Ajedrez en Madrid"]
[Source "lmi"]
[SourceDate "2015.05.27"]

1. d4 e6 2. c4 Nf6 3. Nc3 d5 4. Nf3 Bb4 5. a3 Bxc3+ 6. bxc3 O-O 7. e3 b6 8. Be2
dxc4 9. Bxc4 Bb7 10. O-O Nbd7 11. Nd2 c5 12. Bb2 Rc8 13. Be2 Qc7 14. h3 Rfd8
15. f3 Nd5 16. Qe1 Nxe3 17. Qc1 Nxf1 18. Qxf1 cxd4 19. cxd4 Qf4 20. Ne4 Bxe4
21. fxe4 Qxe4 22. Kh1 Qc2 23. Bc1 Nf6 24. Qf3 Qc3 25. Qxc3 Rxc3 26. Ba6 Ne4 27.
Bb2 Rc2 28. Ra2 Nd2 29. Kh2 0-1